<?xml version="1.0" encoding="UTF-8"?>
<record
    xmlns:xsi="http://www.w3.org/2001/XMLSchema-instance"
    xsi:schemaLocation="http://www.loc.gov/MARC21/slim http://www.loc.gov/standards/marcxml/schema/MARC21slim.xsd"
    xmlns="http://www.loc.gov/MARC21/slim">

  <leader>01629nam a2200349 a 4500</leader>
  <controlfield tag="001"> </controlfield>
  <controlfield tag="003">Ost</controlfield>
  <controlfield tag="005">20220304093112.0</controlfield>
  <controlfield tag="008">140324s2013    dr            000 j spa d</controlfield>
  <datafield tag="020" ind1=" " ind2=" ">
    <subfield code="a">9789945412826</subfield>
  </datafield>
  <datafield tag="040" ind1=" " ind2=" ">
    <subfield code="a">BPMSU</subfield>
    <subfield code="b">spa</subfield>
    <subfield code="c">BPMSU</subfield>
  </datafield>
  <datafield tag="082" ind1=" " ind2=" ">
    <subfield code="a">RD863.44</subfield>
    <subfield code="b">B533v, 2012</subfield>
    <subfield code="2">22</subfield>
  </datafield>
  <datafield tag="100" ind1="1" ind2=" ">
    <subfield code="a">Berroa, Fern&#xE1;nco </subfield>
  </datafield>
  <datafield tag="245" ind1="1" ind2="3">
    <subfield code="a">La verdadera muerte de Pedro Henr&#xED;quez Ure&#xF1;a y otros cuentos /</subfield>
    <subfield code="c">Fern&#xE1;ndo Berroa, Jorge Ara&#xFA;jo, Reynaldo Disla</subfield>
  </datafield>
  <datafield tag="260" ind1=" " ind2=" ">
    <subfield code="a">Santo Domingo :</subfield>
    <subfield code="b">FUNGLODE,</subfield>
    <subfield code="c">2013.</subfield>
  </datafield>
  <datafield tag="300" ind1=" " ind2=" ">
    <subfield code="a">88 p. ;</subfield>
    <subfield code="c">23 cm.</subfield>
  </datafield>
  <datafield tag="490" ind1="0" ind2=" ">
    <subfield code="a">Premios Funglode/GFDD  </subfield>
  </datafield>
  <datafield tag="500" ind1=" " ind2=" ">
    <subfield code="a">Incluye datos biogr&#xE1;ficos de los autores en la contracubierta </subfield>
  </datafield>
  <datafield tag="505" ind1="0" ind2=" ">
    <subfield code="t">Primer lugar: La verdadera muerte de Pedro Henr&#xED;quez Ure&#xF1;a /</subfield>
    <subfield code="r">Berroa, Fernando --</subfield>
    <subfield code="t">Seg&#xFA;n lugar: Recuerdos de una noche de atabales /</subfield>
    <subfield code="r">Ara&#xFA;jo, Jorge --</subfield>
    <subfield code="t">Tercer lugar : El portentoso juego de Rafelo V&#xE1;squez /</subfield>
    <subfield code="r">Disla, Reynaldo --</subfield>
    <subfield code="t">Menci&#xF3;n: A ritmo de jazz /</subfield>
    <subfield code="r">Mu&#xF1;iz, Jorge --</subfield>
    <subfield code="t">Menci&#xF3;n :Corsario &amp; Chapit&#xE1;n en la media islita /</subfield>
    <subfield code="r">Cabrera, Miguel &#xC1;ngel --</subfield>
    <subfield code="t">Menc&#xF3;n :La colombiana /</subfield>
    <subfield code="r">Berroa, Fernando</subfield>
  </datafield>
  <datafield tag="586" ind1=" " ind2=" ">
    <subfield code="a">Premio FUNGLODE de Cuento Juan Bosch </subfield>
  </datafield>
  <datafield tag="590" ind1=" " ind2=" ">
    <subfield code="a">Inventariado, 2021/VM</subfield>
  </datafield>
  <datafield tag="650" ind1=" " ind2="4">
    <subfield code="a">Cuentos dominicanos</subfield>
  </datafield>
  <datafield tag="650" ind1=" " ind2="4">
    <subfield code="a">Literatura dominicana.</subfield>
  </datafield>
  <datafield tag="650" ind1=" " ind2="4">
    <subfield code="a">Cert&#xE1;menes literarios</subfield>
  </datafield>
  <datafield tag="650" ind1=" " ind2="4">
    <subfield code="a">Premios literarios</subfield>
  </datafield>
  <datafield tag="700" ind1="1" ind2=" ">
    <subfield code="a">Ara&#xFA;jo, Jorge</subfield>
    <subfield code="t">Recuerdo de una noche de atabales</subfield>
  </datafield>
  <datafield tag="700" ind1="1" ind2=" ">
    <subfield code="a">Disla, Reynaldo</subfield>
    <subfield code="t">El portentoso juego de Rafelo v&#xE1;squez </subfield>
  </datafield>
  <datafield tag="710" ind1="2" ind2=" ">
    <subfield code="a">Fundaci&#xF3;n Global Democrac&#xED;a y Desarrollo (Rep&#xFA;blica Dominicana)</subfield>
  </datafield>
  <datafield tag="711" ind1="2" ind2=" ">
    <subfield code="a">Premio FUNGLODE</subfield>
    <subfield code="d">(2012 :</subfield>
    <subfield code="c">Santo Domingo)</subfield>
  </datafield>
  <datafield tag="910" ind1=" " ind2=" ">
    <subfield code="a">VMateo V.</subfield>
  </datafield>
  <datafield tag="942" ind1=" " ind2=" ">
    <subfield code="2">ddc</subfield>
    <subfield code="c">BK</subfield>
  </datafield>
  <datafield tag="952" ind1=" " ind2=" ">
    <subfield code="0">0</subfield>
    <subfield code="1">0</subfield>
    <subfield code="2">ddc</subfield>
    <subfield code="4">0</subfield>
    <subfield code="7">0</subfield>
    <subfield code="a">BPMET</subfield>
    <subfield code="b">BPMET</subfield>
    <subfield code="d">2021-08-09</subfield>
    <subfield code="l">0</subfield>
    <subfield code="o">BPMSU CD RD863.44 B533v, 2012</subfield>
    <subfield code="p">BPMSU21080038</subfield>
    <subfield code="r">2021-08-09</subfield>
    <subfield code="w">2021-08-09</subfield>
    <subfield code="y">BK</subfield>
  </datafield>
  <datafield tag="999" ind1=" " ind2=" ">
    <subfield code="c">13644</subfield>
    <subfield code="d">13644</subfield>
  </datafield>
</record>
